[Event "UZB-ch Men 2018"]
[Site "Tashkent"]
[Date "2018.05.06"]
[Round "4.4"]
[White "Abdusattorov, Nodirbek"]
[Black "Khoroshev, Nikita"]
[Result "1/2-1/2"]
[WhiteElo "2550"]
[BlackElo "2340"]
[Annotator "TA"]
[PlyCount "123"]
[EventDate "2018.05.13"]
[EventType "tourn"]
[EventCountry "UZB"]

{[%evp 17,123,43,36,16,31,32,47,34,38,46,58,42,63,60,69,66,68,65,62,52,53,54,51,37,54,44,52,25,106,106,116,124,109,79,83,78,83,93,83,70,72,69,66,70,62,73,78,78,68,66,99,104,125,125,137,139,132,131,170,169,223,219,208,156,144,156,155,145,177,172,219,214,256,226,267,272,267,266,264,264,247,252,252,257,249,229,161,58,60,58,58,57,51,32,34,34,34,34,57,0,25,0,37,0,0,0,0,0]} 1. d4 d6 2. Nf3 Nf6 3. g3 g6 4. Bg2 Bg7 5. c4 O-O 6. O-O Nc6 7. Nc3 Bf5 8. Ne1 Qd7 9. e4 {E62: King's Indian: Fianchetto: 6...c6 and Panno Variation (6...Nc6) without ...a6} Bh3 {LiveBook: 69 Games} 10. Nf3 Bxg2 11. Kxg2 {White is slightly better.} e6 $146 ({Predecessor:} 11... e5 12. dxe5 Nxe5 13. Nxe5 dxe5 14. Bg5 Qe6 15. Qb3 b6 16. c5 Rfe8 {½-½ (39) Barsov,A (2486)-Spirin,O (2449) Germany 2009}) 12. Re1 Rfe8 13. h3 Rad8 14. b3 e5 {...exd4 is the strong threat.} 15. d5 Nd4 16. Be3 Nxf3 17. Qxf3 a6 18. b4 Rf8 19. Bg5 Qe7 20. Qe3 Rc8 21. Rac1 Qe8 22. c5 dxc5 (22... Nh5 $11) 23. bxc5 $16 Nd7 24. c6 bxc6 25. dxc6 Nb6 26. Qc5 f6 27. Be3 Rf7 28. Qa3 Qxc6 29. Nd5 Nc4 {White must now prevent ...Qxd5.} 30. Qb3 Nxe3+ 31. fxe3 Qe6 {[#]} 32. Rc6 $1 $36 {[%cal Rc6e6][%mdl 2560] White is on the roll.} Qe8 (32... Qxc6 $2 33. Ne7+ Kh8 34. Nxc6 $18) 33. Rec1 Kh8 34. Nxc7 (34. Rxa6 $6 Qd8 $11) (34. Rxc7 $6 Rfxc7 35. Rxc7 Rxc7 $11) 34... Qd7 35. Qd5 h5 36. Qxd7 (36. Nxa6 $6 Rxc6 37. Rxc6 Qa7 $16) 36... Rxd7 37. Nd5 (37. Nxa6 $6 Rxc6 38. Rxc6 Rd2+ 39. Kf3 Rxa2 $14) 37... Rxc6 38. Rxc6 {[%mdl 4096] Endgame KRB-KRN} f5 (38... a5 {keeps fighting.} 39. Ra6 f5) 39. Kf3 $18 (39. Rxg6 fxe4 40. Nc3 Rd2+ 41. Kf1 Rd3 $14) 39... g5 40. Ke2 g4 41. h4 $1 a5 42. Ra6 fxe4 {[#]} 43. Nc3 $1 Rb7 44. Nxe4 (44. Rxa5 $6 Rb4 $16) 44... Rb2+ 45. Kd3 Rxa2 {[#]} 46. Ra8+ $1 Kh7 47. Ng5+ Kg6 48. Ra6+ Bf6 {White should prevent ...Kf5.} 49. Ne4 Ra3+ 50. Kc4 Rxe3 51. Nxf6 {KRN-KR} Rf3 52. Nd7+ ({White should try} 52. Ne4+ $18 Kf5 53. Nd6+ Ke6 54. Nc8+ Kd7 55. Nb6+ Ke6 56. Nc8+ (56. Rxa5 Rxg3 57. Ra6 Rh3 $11) (56. Nd5+ Kf7 $16) 56... Kd7 57. Nb6+ Ke6 58. Nc8+ (58. Rxa5 Rxg3 59. Nd5 Rh3 $11) (58. Nd5+ Kf5 $16)) 52... Kf5 $1 $14 53. Rh6 Rxg3 54. Rxh5+ Ke4 55. Nc5+ Kf3 56. Rf5+ Kg2 57. Rg5 {Threatens to win with Ne4.} Kf3 58. Rf5+ Kg2 $1 59. Rg5 {Strongly threatening Ne4.} Kf3 $1 60. Rxe5 Rh3 61. Rf5+ Ke3 62. Re5+ {Precision: White = 65%, Black = 64%.} 1/2-1/2

[Event "UZB-ch Men 2018"]
[Site "Tashkent"]
[Date "2018.05.06"]
[Round "4.5"]
[White "Dzhumaev, Marat"]
[Black "Barsov, Alexei"]
[Result "1/2-1/2"]
[WhiteElo "2451"]
[BlackElo "2411"]
[Annotator "TA"]
[PlyCount "78"]
[EventDate "2018.05.13"]
[EventType "tourn"]
[EventCountry "UZB"]

{[%evp 10,78,44,-2,29,23,26,7,52,23,28,18,22,4,6,-17,-17,-17,-17,-16,-10,-14,-18,-21,-17,-11,-2,-26,-30,-42,-33,-85,-55,-91,-89,-122,-125,-135,-135,-207,-202,-211,-157,-158,-153,-168,-168,-232,-182,-519,-533,-741,-726,-726,-717,-734,-716,-1146,-1130,-1127,-1132,-911,-953,-1404,-965,-5423,-12518,-29980,-29981,-29995,-29996]} 1. d4 Nf6 2. c4 d5 3. cxd5 Nxd5 4. e4 Nf6 5. Nc3 e5 6. d5 Bc5 {D06: Queen's Gambit: Symmetrical and Baltic Defences} (6... c6 7. Nf3 Bb4 8. Bc4 Nxe4 9. O-O Nxc3 10. bxc3 Bxc3 11. Ba3 Qa5 12. Bd6 cxd5 13. Bxd5 Bxa1 14. Ng5 {1-0 (14) Mueller,K (2399)-Blom,E (2299) LSS email 2009}) 7. Nf3 O-O 8. Bd3 $146 ({Don't play} 8. Nxe5 Re8 $15) ({Predecessor:} 8. Bc4 Bxf2+ 9. Kxf2 Ng4+ 10. Kg1 c6 11. Qe2 b5 12. h3 Qb6+ 13. Kf1 f5 14. hxg4 fxg4 {1-0 (33) Lustig,F-Hasek,J Prague 1930}) 8... Bg4 {The position is equal.} 9. O-O (9. h3 $5 {[%cal Rh3g4]} Bxf3 10. Qxf3 $14) 9... c6 10. Bg5 h6 11. Bxf6 Qxf6 12. h3 (12. Be2 {feels hotter.} Rc8 13. Rc1 Rd8 14. a3 Bxf3 15. Bxf3 Nd7 16. Qb3) 12... Bxf3 13. Qxf3 Qxf3 14. gxf3 cxd5 15. Nxd5 Nc6 16. Kg2 Rfd8 17. Bc4 Nd4 18. b4 Bf8 $36 {[%mdl 2048] Black is more active.} 19. a3 Rac8 20. Ba2 (20. Bd3 $15) 20... Nc2 $17 21. Rad1 Nxa3 22. f4 exf4 23. Nxf4 Bxb4 24. Bd5 (24. Ng6 $17) 24... b6 25. Nd3 Nc2 26. Ne5 {[#]} Kf8 $1 27. Bxf7 Bc3 28. Rxd8+ (28. Bb3 {keeps fighting.} Bxe5 29. Bxc2) 28... Rxd8 $19 29. Nc6 $2 (29. Bb3 {was the crucial defense.} Ne1+ 30. Kg1) 29... Rd2 30. Rc1 Kxf7 31. Nxa7 Bd4 32. Nb5 Bxf2 33. Kh1 Bc5 34. Nc3 Nd4 {[#] ( -> ...Nf3)} 35. Rf1+ Ke6 36. Nd5 Ne2 {[%cal Re2g3]} 37. Rf3 Bd6 38. Nxb6 Ng3+ 39. Kg1 Bc5+ {[%mdl 32768] Precision: White = 27%, Black = 79%. . An unexpected result.} 1/2-1/2

[Event "UZB-ch Men 2018"]
[Site "Tashkent"]
[Date "2018.05.06"]
[Round "4.6"]
[White "Vokhidov, Shamsiddin"]
[Black "Vahidov, Tair"]
[Result "1/2-1/2"]
[WhiteElo "2414"]
[BlackElo "2400"]
[Annotator "TA"]
[PlyCount "74"]
[EventDate "2018.05.13"]
[EventType "tourn"]
[EventCountry "UZB"]

{[%evp 30,74,-11,-13,-3,-12,0,-33,-33,-55,-46,-67,-52,-66,-55,-49,-55,-60,-39,-60,-47,-58,-45,-46,-46,-45,-45,-52,-45,-50,-40,-79,-71,-79,-58,-87,-88,-100,-97,-89,-96,-909,-803,-803,-68,-68,0]} 1. e4 e6 2. d4 d5 3. Nd2 c5 4. Ngf3 cxd4 5. exd5 Qxd5 6. Bc4 Qd6 7. O-O Nf6 8. Nb3 Nc6 9. Nbxd4 Nxd4 10. Nxd4 a6 11. Re1 Qc7 12. Bf1 {C07: French Tarrasch: 3...c5, 4 Ngf3 and 4 exd5 Qxd5} Bd6 13. Nf5 Bxh2+ 14. Kh1 Kf8 15. Qd4 exf5 {[#]} 16. Qxf6 $1 {[%mdl 512] LiveBook: 8 Games. And now Bh6! would win.} h6 (16... gxf6 17. Bh6+) 17. Qd4 {g3 is the strong threat.} Bd6 $1 {[%cal Bh2d6,Bd6e7,Be7f6][%mdl 32]} 18. Bd2 Qc5 (18... Be6 19. Bc3 Rh7 {0-1 (48) Karjakin,S (2781)-Caruana,F (2808) Paris 2017}) 19. Qh4 $146 {[%cal Rh4d8]} ({Predecessor:} 19. Qd3 Be6 {1-0 (41) Hansen,T (2429)-Vignesh,B (2124) Escaldes 2017}) 19... Be6 20. Rad1 Be7 (20... Bxa2 21. Bf4 $16) 21. Qg3 Bf6 ({Of course not} 21... Qxc2 $6 22. Bc3 $14) 22. c4 Kg8 ({Not} 22... Bxb2 $2 23. Qb3 $18) 23. b4 Qc8 24. Be3 Kh7 25. Bb6 Bxc4 26. Rc1 Qc6 27. Bxc4 Qxb6 28. Bxf7 {[%csl Gf7][%cal Rg3g6]} Rhf8 $1 {[%cal Rf8f7,Bh8f8,Bf8f5,Bf5g5][%mdl 32]} 29. Be6 Bg5 ({Don't go for} 29... Qxb4 $2 30. Bxf5+ Kg8 31. Qg6 $18) 30. f4 {[#]} Rae8 $1 $36 {[%mdl 2048] White must now prevent ...Bxf4. Black is on the roll.} 31. Bxf5+ Rxf5 32. fxg5 Rxe1+ 33. Qxe1 Rxg5 $17 {KQR-KQR} 34. Qe4+ Qg6 35. Qxb7 $2 {[%mdl 8192]} (35. Qxg6+ $17 Rxg6 36. Kh2) 35... Rh5+ 36. Kg1 Rb5 $2 (36... Qd3 $19 {( -> ...Qe3+)} 37. Qb6 Qg3) 37. Qc6 $15 Rxb4 {Precision: White = 46%, Black = 64%.} ({Better is} 37... Qd3 $1 $15 38. Qc3 Qxc3 39. Rxc3 Rxb4) 1/2-1/2

[Event "UZB-ch Men 2018"]
[Site "Tashkent"]
[Date "2018.05.06"]
[Round "4.7"]
[White "Yakubboev, Nodirbek"]
[Black "Jumanov, Elbek"]
[Result "1-0"]
[WhiteElo "2493"]
[BlackElo "2283"]
[Annotator "TA"]
[PlyCount "89"]
[EventDate "2018.05.13"]
[EventType "tourn"]
[EventCountry "UZB"]

{[%evp 11,89,18,21,-18,-8,-9,-8,-12,52,26,37,23,58,24,15,18,20,6,22,18,76,84,84,73,70,60,103,101,119,123,126,121,119,99,180,175,169,177,154,181,159,156,184,170,237,239,316,316,381,338,412,410,486,486,490,484,443,480,481,481,475,471,445,454,427,412,507,404,470,475,630,227,208,195,5381,5297,29980,29981,29981,29981]} 1. d4 Nf6 2. c4 c5 3. Nf3 g6 4. Nc3 Bg7 5. e4 O-O 6. dxc5 Na6 {LiveBook: 3 Games. E70: King's Indian: Miscellaneous lines with 4 e4, including 5 Nge2 and 5 Bd3 0-0 6 Nge2} (6... Qa5 7. Bd2 Qxc5 8. Be2 d6 9. O-O Bg4 10. Rc1 Nc6 11. Nd5 Bxf3 12. Bxf3 Qd4 13. Qc2 Nxd5 14. exd5 Ne5 15. Be2 Rfc8 16. Be3 Qh4 17. b3 b5 {0-1 (38) Oms Pallisse,J (2485)-Munoz Pantoja,M (2495) Catalunya 2012}) 7. h3 Nxc5 8. e5 Ne8 $1 {The position is equal.} (8... Nfe4 $2 9. Nxe4 Nxe4 10. Qd5 $18) 9. Be3 Qa5 $146 (9... b6 $11) ({Predecessor:} 9... b6 10. Be2 Bb7 11. O-O f6 12. exf6 {1-0 (12) Priehn,P-Gyger,T DESC email 2006}) 10. a3 {aiming for b4.} Ne6 $1 11. b4 Qd8 12. Qb3 d6 13. Rd1 $36 {[%mdl 2048] White has good play.} Bd7 14. exd6 Nxd6 15. Bd3 Bc6 {[#]} (15... b6 $11) 16. c5 $1 $16 {[%cal Rc5d6]} Qc8 17. Nd5 Bxd5 18. Qxd5 Ne8 19. O-O Nf6 20. Qb3 Nc7 21. Bc4 e6 22. Bf4 Ncd5 (22... b5 $16 {was worth a try.}) 23. Be5 $18 Rd8 24. Qb2 Ne8 25. Bxg7 Nxg7 26. Ne5 h5 27. Rd2 b6 (27... Qc7 $142 28. Rfd1 Nf5 29. Rxd5 (29. Bxd5 exd5 30. Rxd5 Rxd5 $16) 29... exd5 30. Bxd5 (30. Rxd5 Kh7 $16) 30... Rxd5 31. Rxd5 Re8) 28. c6 {[%cal Bc5c6,Bc6d7][%mdl 32]} Rd6 29. Rfd1 Qd8 30. b5 Nf5 31. Nd7 Rxd7 32. cxd7 Nfe7 33. Bxd5 Nxd5 34. Rxd5 exd5 35. Rxd5 {[%mdl 4096] Endgame KQR-KQR} Qe7 36. Qc3 Rd8 37. Qc7 Kg7 38. Kh2 Qf6 39. Rd1 h4 40. Kg1 Qg5 41. Qxa7 $2 (41. Re1) 41... Qxb5 42. Qc7 Qa4 $2 (42... Qe2 43. Qc3+ (43. Qxd8 Qxd1+ 44. Kh2 Qd6+ 45. Kg1 Qd1+ 46. Kh2 Qd6+ 47. Kg1 Qd1+ $11) 43... Kh7) 43. Rd3 Qb5 44. Qxd8 Qxd3 {[#]} 45. Qc7 $1 {Precision: White = 73%, Black = 31%.} 1-0

[Event "UZB-ch Men 2018"]
[Site "Tashkent"]
[Date "2018.05.07"]
[Round "5.1"]
[White "Jumanov, Elbek"]
[Black "Abdisalimov, Abdimalik"]
[Result "0-1"]
[WhiteElo "2283"]
[BlackElo "2317"]
[PlyCount "80"]
[EventDate "2018.05.13"]
[EventType "tourn"]
[EventCountry "UZB"]
[TimeControl "5400+30"]

1. c4 g6 2. g3 Bg7 3. Bg2 c5 4. Nc3 Nc6 5. a3 e6 6. Rb1 a5 7. Nb5 d6 8. Nf3 e5 9. O-O Nge7 10. d3 O-O 11. Bd2 h6 12. Ne1 Be6 13. Nc2 d5 14. cxd5 Bxd5 15. Bxd5 Nxd5 16. b4 cxb4 17. axb4 a4 18. Ne3 Nd4 19. Nxd5 Nxb5 20. e4 Re8 21. Be3 Re6 22. Ra1 Rea6 23. Qc1 Bf8 24. Bxh6 Rc6 25. Qe3 Bxh6 26. Qxh6 Nc3 27. b5 Nxb5 28. Rfb1 Nc3 29. Nxc3 Rxc3 30. Rxb7 Rxd3 31. Qc1 Qd4 32. Qe1 a3 33. Rb5 Qd6 34. Kg2 Ra4 35. Ra5 Rxa5 36. Qxa5 Kg7 37. Ra2 Qf6 38. Kg1 Qf3 39. Qxe5+ Kh7 40. Ra1 Rd1+ {Qa5} 0-1

[Event "UZB-ch Men 2018"]
[Site "Tashkent"]
[Date "2018.05.07"]
[Round "5.2"]
[White "Vahidov, Tair"]
[Black "Yakubboev, Nodirbek"]
[Result "0-1"]
[WhiteElo "2400"]
[BlackElo "2493"]
[Annotator "TA"]
[PlyCount "118"]
[EventDate "2018.05.13"]
[EventType "tourn"]
[EventCountry "UZB"]

{[%evp 11,118,39,51,38,39,20,27,24,23,0,0,0,0,-4,-5,-31,-47,-64,-53,-69,-60,-87,-76,-75,-71,-96,-90,-121,-128,-126,-136,-147,-147,-167,-111,-183,-110,-235,-118,-180,-174,-165,-141,-146,-60,-277,-287,-283,-287,-288,-151,-288,-287,-281,-281,-274,-266,-250,-270,-258,-250,-284,-293,-275,-228,-245,-172,-183,-56,-178,-159,-519,-528,-521,-507,-461,-449,-409,-409,-518,-514,-499,-463,-461,-442,-610,-567,-561,-410,-427,-412,-398,-337,-554,-534,-393,-283,-281,-246,-378,-227,-9055,-456,-12831,-12833,-12843,-12843,-12845,-12845]} 1. Nf3 d6 2. d4 Bg4 3. e4 Nf6 4. Nbd2 e6 5. c3 c6 6. Bd3 {A41: 1 d4 d6: Tartakower System and Modern Defence} d5 {LiveBook: 6 Games} 7. exd5 cxd5 8. Qb3 $146 {White is slightly better.} ({Predecessor:} 8. Qa4+ Nbd7 9. Ne5 Bh5 10. O-O Be7 11. Nxd7 Nxd7 12. Re1 O-O {0-1 (34) Robatsch,K (2410)-Mokry,K (2515) Austria 1994}) 8... Qc7 9. Ne5 Bh5 10. Bb5+ Nfd7 11. g4 Bg6 $1 12. h4 $132 {[%mdl 2048] And now h5 would win. White is fighting back} a6 $1 {[%cal Ra6b5]} 13. Nxd7 Nxd7 14. h5 axb5 15. hxg6 fxg6 16. Nf3 {[#]} b4 $1 {[%mdl 512]} 17. cxb4 Be7 18. Bg5 Qd6 19. Bxe7 Qxe7 20. a3 O-O 21. O-O-O Rf4 22. Rh3 Raf8 (22... Rxg4 $19 23. Kb1 Qf6) 23. Rg3 (23. g5 $17 {might work better.}) 23... Qf6 (23... Nf6 $19 {Threatens to win with ...Ne4.} 24. Ng5 Nxg4) 24. Rd3 (24. g5 $17 {only move.} Qf5 25. Rd3) 24... Nb6 (24... h5 $1 $19 25. Qc2 h4) 25. Ne5 (25. g5 $17 {keeps fighting.} Qf5 26. Kb1) 25... Rxf2 $19 26. Rgf3 Rf1+ 27. Rxf1 Qg5+ ({Black should play} 27... Qxf1+ $17 28. Rd1 Qg2) 28. Kb1 $2 (28. Kc2 $15 Rxf1 29. Rd2) 28... Rxf1+ 29. Ka2 Qc1 {[%csl Gf1][%cal Rc1b1]} 30. Qc3 Qb1+ 31. Kb3 Rc1 32. Qd2 Nc4 33. Qe2 Re1 34. Qc2 Qxc2+ ({Stronger than} 34... Nxe5 35. Qc8+ Kf7 36. Rf3+ $1 {[%mdl 512]} Ke7 37. Qf8+ Kd7 38. dxe5 $11) 35. Kxc2 {[%mdl 4096] Endgame KRN-KRN} Re2+ 36. Kc1 Nxe5 37. dxe5 {KR-KR} h5 38. a4 Rxe5 {White must now prevent ...h4.} 39. a5 Re1+ ({Black should try} 39... h4 $1 $19 {Strongly threatening ...Re4.} 40. b5 d4 $1 {[%mdl 512]}) 40. Kd2 (40. Kc2 $1 $15) 40... Ra1 41. Ra3 $2 (41. gxh5 $17 {is more resistant.} gxh5 42. Rh3) 41... Rxa3 $1 42. bxa3 {KP-KP} h4 $1 {[%cal Rh4h3]} 43. b5 {[#]} h3 $1 {[%cal Rh3h2] Hoping for ...h2.} 44. a6 bxa6 45. bxa6 h2 46. a7 h1=Q {( -> ...Qh2+)} 47. a8=Q+ {[#] KQ-KQ} Kh7 $1 48. a4 Qg2+ 49. Ke1 Qxg4 50. a5 Qb4+ 51. Ke2 {Now a6 and White clings on.} Qc4+ 52. Kf2 $2 (52. Kd2 Qa2+ 53. Kc3) 52... Qa2+ 53. Kg3 Qb3+ 54. Kf2 {and the idea a6 leaves White hopeful.} Qc2+ 55. Ke3 (55. Ke1 $142) 55... Qc1+ 56. Kd4 $2 (56. Ke2) 56... Qg1+ (56... Qd1+ $142 57. Ke5 d4) 57. Ke5 (57. Kc3 $142 d4+ 58. Kb4 Qe1+ 59. Kc4 Qc3+ 60. Kb5 Qb3+ 61. Kc5) 57... d4 {[%cal Bd5d4,Bd4d3][%mdl 32]} 58. Kxe6 Qe1+ 59. Kd7 d3 {Precision: White = 39%, Black = 65%.} 0-1

[Event "UZB-ch Men 2018"]
[Site "Tashkent"]
[Date "2018.05.07"]
[Round "5.3"]
[White "Barsov, Alexei"]
[Black "Vokhidov, Shamsiddin"]
[Result "1-0"]
[WhiteElo "2411"]
[BlackElo "2414"]
[Annotator "TA"]
[PlyCount "105"]
[EventDate "2018.05.13"]
[EventType "tourn"]
[EventCountry "UZB"]

{[%evp 24,105,-7,-13,-4,-6,0,0,0,0,0,-7,0,-19,0,0,11,0,0,-17,-13,-7,-8,0,171,167,167,165,179,176,176,176,172,167,168,177,183,163,172,156,172,168,155,125,132,127,143,91,91,89,135,115,148,133,223,79,91,85,177,177,181,188,172,174,300,116,463,459,464,460,435,417,422,415,409,396,650,636,1139,1142,1106,1104,1027,972]} 1. d4 Nf6 2. c4 e6 3. Nc3 Bb4 4. Nf3 b6 5. Bg5 {[%cal Bc1g5,Bg5h4,Bh4g3][%mdl 32]} h6 6. Bh4 g5 7. Bg3 Ne4 8. Qc2 Bb7 9. e3 Bxc3+ 10. bxc3 d6 11. Nd2 Nxg3 {E13: Queen's Indian/Nimzo-Indian hybrid: 4 Nc3 Bb7 5 Bg5 h6 6 Bh4 Bb4} 12. hxg3 Nd7 13. Rh2 {LiveBook: 10 Games} h5 {The position is equal.} 14. Be2 {[#]} Qf6 $146 ({Predecessor:} 14... h4 15. Bf3 c6 16. O-O-O Qe7 17. Qa4 d5 18. Kb1 Kf8 19. gxh4 Rxh4 20. Rxh4 gxh4 {½-½ (61) Kazhgaleyev,M (2589)-Gelfand,B (2738) Astana 2012}) 15. Bf3 O-O-O 16. Bxb7+ Kxb7 17. a4 a5 18. Rb1 Rb8 19. Ke2 Rh6 20. Nb3 {Nxa5+ is the strong threat.} Ka7 21. Rbh1 Rbh8 22. Qe4 Qe7 23. Rb1 $36 {[%mdl 2048] Black must now prevent Nxa5! White has the initiative.} f5 $2 (23... Nf6 $11 24. Qc6 Qd7 25. Qxd7 Nxd7) 24. Qc6 $18 Qd8 {[#]} 25. Nxa5 $1 {[%csl Ga5][%cal Rc6b7][%mdl 512]} Qc8 (25... bxa5 26. Qb7#) 26. Qb5 Nb8 27. Nb3 Qa6 28. a5 {Hoping for axb6+.} Qxb5 29. cxb5 bxa5 30. Nxa5 Nd7 31. Rhh1 h4 32. gxh4 Rxh4 33. Rxh4 gxh4 {[%mdl 4096] Endgame KRN-KRN} 34. Nc4 Rg8 35. Kf3 (35. Kf1 $142) 35... e5 36. Rh1 Rg4 37. g3 hxg3 38. fxg3 {Threatens to win with Rh7.} Nf6 (38... e4+ $16 39. Kg2 Nb6) 39. b6+ (39. dxe5 $18 {is the precise move to win.} Ne4 40. exd6 Ng5+ 41. Ke2 Rxc4 42. d7 (42. Kd3 Rc5 $11)) 39... Kb7 $16 40. Ra1 Nd5 (40... e4+ $16 41. Kf2 Nd5) 41. Ra7+ $18 Kb8 42. bxc7+ Nxc7 43. Ra5 exd4 (43... Ne8 {is a better defense.} 44. Nd2 e4+ 45. Kf2 Ng7) 44. Rxf5 $2 {[#]} (44. cxd4 $18 {and White stays clearly on top.} d5 45. Nb6) 44... Rg6 $2 {[%mdl 8192]} (44... dxe3 $16 {is a better chance.} 45. Nxd6 (45. Kxg4 $2 {is the wrong capture.} e2 $19) (45. Nxe3 Rg6 $18) 45... e2) 45. cxd4 Ne6 46. g4 {[%cal Bg3g4,Bg4g5,Bg5g6][%mdl 32]} Kc7 47. Kg3 Kd7 48. Nb6+ Ke8 49. Nd5 Ng5 $2 (49... Ng7) 50. Kh4 {White is clearly winning.} Nf7 51. g5 Rg7 52. Kh5 Kd7 53. g6 {Precision: White = 63%, Black = 36%.} 1-0

[Event "UZB-ch Men 2018"]
[Site "Tashkent"]
[Date "2018.05.07"]
[Round "5.4"]
[White "Khoroshev, Nikita"]
[Black "Dzhumaev, Marat"]
[Result "1-0"]
[WhiteElo "2340"]
[BlackElo "2451"]
[Annotator "TA"]
[PlyCount "122"]
[EventDate "2018.05.13"]
[EventType "tourn"]
[EventCountry "UZB"]

{[%evp 16,122,35,43,48,6,67,56,50,47,45,22,68,55,120,125,123,122,125,112,138,140,172,181,177,192,151,167,206,188,194,192,172,153,216,195,212,196,201,190,183,138,138,158,262,295,300,296,272,231,234,233,223,234,202,166,175,181,174,108,168,178,162,152,285,293,282,263,294,260,291,289,449,441,406,400,429,415,636,620,546,502,887,597,1320,1245,901,441,1056,993,1631,1557,2281,2006,2037,2037,2021,1745,1581,823,29978,29980,29979,29979,29981,29982,29986,29987,29987]} 1. d4 Nf6 2. c4 g6 3. Nc3 Bg7 4. e4 d6 5. Be2 O-O 6. Bg5 Na6 7. Qd2 Qe8 8. f3 e5 9. d5 {LiveBook: 37 Games} Nd7 {E73: King's Indian: Averbakh Variation without 6...c5} (9... Bd7 10. Bd1 h5 11. Nge2 Nh7 12. Be3 Qe7 13. Bc2 Nb4 14. Ba4 a5 15. Bxd7 Qxd7 16. O-O Na6 17. Nc1 {1-0 (65) Dzagnidze,N (2547)-Socko,M (2484) Batumi 2012}) 10. h4 {[%cal Bh2h4,Bh4h5,Bh5h6][%mdl 32]} Nb6 $146 (10... f5 $11) ({Predecessor:} 10... f5 11. exf5 gxf5 12. h5 Kh8 13. O-O-O Bf6 14. f4 Rg8 15. h6 Qe7 16. Bxf6+ Nxf6 17. fxe5 dxe5 {1-0 (47) Egan,B (1795)-Canfell,M (1932) Gold Coast 2009}) 11. Bh6 f5 {White is slightly better.} 12. Bxg7 Kxg7 13. g3 {[%cal Bg2g3,Bg3g4][%mdl 32]} Qe7 14. h5 g5 (14... f4 $14) 15. exf5 $1 $16 Bxf5 16. g4 Bd7 17. h6+ $1 Kh8 18. Nh3 c6 19. Qxg5 (19. Nxg5 $6 cxd5 20. cxd5 (20. Nxd5 Nxd5 21. cxd5 Rf4 $11) 20... Rac8 $14) 19... Qxg5 20. Nxg5 cxd5 21. cxd5 Nb4 22. O-O-O {[%cal Be1c1,Bc1b1,Bb1a1][%mdl 32]} Rac8 23. Kb1 Be8 24. a3 Bg6+ (24... Rxc3 $16 {is a better defense.} 25. bxc3 N4xd5) 25. Nge4 $18 Rxc3 26. bxc3 N4xd5 {[#]} 27. Ka1 $1 Nf4 ({But not} 27... Bxe4 28. fxe4 Nxc3 29. Rdf1) 28. Rhe1 d5 29. Nd6 Na4 {[#]} (29... Ng2 $16) 30. Bf1 $1 Nxc3 31. Rc1 d4 32. Rxe5 d3 {Threatens to win with ...d2.} 33. Rc5 ({Not} 33. Rxc3 $2 d2 $19) 33... Ncd5 {intending ...d2.} 34. Rc8 {[%cal Rc8f8]} Kg8 35. Nxb7 Ne3 {Hoping for ...d2.} 36. Bxd3 Nxd3 37. Rxf8+ Kxf8 38. Rc7 Nd5 39. Rd7 Nf6 (39... Ne3 $16) 40. Rd6 Ne8 41. Ra6 Ne5 42. Nc5 Nxf3 43. Rxa7 Nf6 (43... Nd4 {was worth a try.} 44. a4 Nc6) 44. Ne6+ Ke8 45. g5 Nd5 46. a4 {[%cal Ba3a4,Ba4a5,Ba5a6][%mdl 32]} Bf7 (46... Ne5 $142 47. a5 Bf7 48. Nc7+ Nxc7 49. Rxc7 Kd8) 47. Ng7+ Kf8 48. a5 Nxg5 (48... Nd4 $142 49. a6 Nb3+ 50. Kb2 Nc5) 49. Rb7 Nc3 50. a6 {a7 would kill now.} Bd5 51. Rd7 (51. Nh5 $142 Bh1 52. Nf6) 51... Be4 (51... Bh1 $142 52. Nh5 Nd5) 52. Nh5 Nb5 53. Nf6 Bc6 54. Nxh7+ Nxh7 55. Rxh7 Kg8 56. Re7 Kh8 57. Kb2 Nd4 58. Kc3 {White mates.} Nf5 59. Re5 Nh4 60. a7 Bf3 61. Kd4 Bc6 {Precision: White = 78%, Black = 44%.} 1-0